Исследование электродных процессов во фторных электролизерах: доклад

Библиографические подробности
Автор-организация: Томский политехнический институт
Другие авторы: Курин Н. П. Николай Павлович, Шашкин Б. Ф., Свиридов А. Б., Дуйсебаев Б. О.
Язык:русский
Опубликовано: Томск, [Б. и.], 1984
Предметы:
Формат: MixedMaterials Книга
Запись в KOHA:https://koha.lib.tpu.ru/cgi-bin/koha/opac-detail.pl?biblionumber=343247

MARC

LEADER 00000nbm0a2200000 4500
001 343247
005 20231102005534.0
035 |a (RuTPU)RU\TPU\book\373169 
090 |a 343247 
100 |a 20190724d1984 k y0rusy50 ca 
101 0 |a rus 
102 |a RU 
105 |a a z 001zy 
200 1 |a Исследование электродных процессов во фторных электролизерах  |e доклад  |f Н. П. Курин [и др.] 
210 |a Томск  |c [Б. и.]  |d 1984 
215 |a 15 л.  |c ил. 
320 |a Библиогр.: с. 14-15 
606 1 |a Электролизеры  |2 stltpush  |3 (RuTPU)RU\TPU\subj\76767  |9 87618 
610 1 |a электродные процессы 
610 1 |a напряжение 
610 1 |a баланс 
610 1 |a перенапряжения 
610 1 |a расплавы 
610 1 |a ионная концентрация 
610 1 |a фтор 
610 1 |a получение 
610 1 |a доклады 
610 1 |a труды учёных ТПУ 
675 |a 621.357.1(04)  |v 4 
701 1 |a Курин  |b Н. П.  |c химик-технолог  |c профессор Томского политехнического университета  |c основатель химической технологии атомной промышленности Сибири  |f 1906-2004  |g Николай Павлович  |2 stltpush  |3 (RuTPU)RU\TPU\pers\9462 
701 1 |a Шашкин  |b Б. Ф. 
701 1 |a Свиридов  |b А. Б. 
701 1 |a Дуйсебаев  |b Б. О. 
712 0 2 |a Томский политехнический институт  |c (1944-1991)  |2 stltpush  |3 (RuTPU)RU\TPU\col\1123  |9 23521 
801 1 |a RU  |b 63413507  |c 20190724 
801 2 |a RU  |b 63413507  |c 20191008  |g RCR 
942 |c BK